Loading...
History - World History | 2 | 4 | 0 | 0 | 70 | 53 | 84.83 | 1 | 5 |
Beliefs - Mythology | 2 | 2 | 1 | 1 | 45 | 24 | 79.00 | 1 | 3 |
History - Euro History | 0 | 5 | 1 | 0 | 45 | 63 | 77.00 | 0 | 5 |
Beliefs - Religion | 1 | 3 | 1 | 0 | 40 | 52 | 84.25 | 1 | 4 |
History - Other History | 2 | 1 | 0 | 0 | 40 | 63 | 81.67 | 0 | 2 |
Thought - Philosophy | 1 | 2 | 0 | 0 | 35 | 20 | 71.67 | 2 | 2 |
Other - Other Academic | 0 | 3 | 0 | 0 | 30 | 91 | 98.33 | 0 | 3 |
Literature - World Lit | 1 | 1 | 0 | 0 | 25 | 60 | 71.50 | 0 | 2 |
Thought - Social Science | 0 | 2 | 0 | 1 | 20 | 101 | 109.50 | 0 | 0 |
Arts - Painting | 0 | 2 | 1 | 1 | 15 | 88 | 115.50 | 0 | 1 |
Science - Other Science | 1 | 0 | 0 | 0 | 15 | 64 | 64.00 | 1 | 1 |
Literature - American Lit | 0 | 1 | 0 | 1 | 10 | 143 | 143.00 | 0 | 0 |
Literature - British Lit | 0 | 1 | 0 | 0 | 10 | 99 | 99.00 | 0 | 1 |
Other - Geo/CE | 0 | 1 | 1 | 0 | 5 | 74 | 74.00 | 0 | 1 |
Literature - Euro Lit | 0 | 1 | 2 | 0 | 0 | 91 | 91.00 | 0 | 1 |
Science - Physics | 0 | 0 | 1 | 0 | -5 | 0.00 | 0 | 0 | |
Other - Pop Culture | 0 | 0 | 2 | 0 | -10 | 0.00 | 0 | 0 |